00728nam a2200217Ia 4500003000400000005001700004008004100021040000700062041000800069082002300077100002500100245005500125260003700180365001200217650002200229650002700251906005900278942001200337999001900349952014200368OSt20230516105557.0210423s1990 xx 000 0 und d cAL aeng a338.954 223bSHEP aSHENOY (B R)9104844 aPL four hundred and eighty and indias food problem aJaipurbPopular Book Depotc1990 b60cINR aEconomics9104845 aIndian Economy9104846 aeighty ; food ; four ; hundred ; indias ; PL ; problem 2ddccBK c172160d172160 001040708MSWaSACPGbSACPGd2001-11-29eIntel Book Distributersg60.00l0o338.954 SHEPpPG018698r2022-08-24 00:00:00w2021-04-26yBK